000 00617nam a22002057a 4500
005 20260521163749.0
010 _aENG-147968
020 _c2295.00
_a9789395474023
035 _aEN-131500
037 _bDBAD
082 _a954.0845
_21
_b1
245 _aThe Greater Second World War/
_c Edit By- Andrews N.Buchanan [and] Ruth Lawlor
250 _a1
260 _aDarya Ganj
_bSanctum Books
_c2025
270 _bDelhi
_a68 Medical Association Road,
_e110002
300 _a398pb.
_c24cm
700 _988667
_aBuchanan, Andrew N
_eEditor
700 _aLawlor, Ruth
_eEditor
_989193
942 _2ddc
_cEN
_mGRE
_k954.0845
_e1
999 _c215762
_d215762